| 000 | 01325nam a22002897a 4500 | ||
|---|---|---|---|
| 005 | 20170327120500.0 | ||
| 008 | 140714b xxu||||| |||| 00| 0 Urdu d | ||
| 010 | _aUR-8534 B-548295 B-665937 | ||
| 020 |
_c400.00 _a9789381029541 |
||
| 020 | _a9789381029367 | ||
| 035 | _aU-7089 B-548295 B-665937 | ||
| 037 | _bBPPD/Publishers/Venders | ||
| 037 | _bDBAD/Pub. | ||
| 037 | _bStar Pub.(Vend.)/Arshia Pub.(Pub.) | ||
| 040 |
_aDPL _bUrdu |
||
| 082 | _a840.8 | ||
| 100 | _aنظا م صد يقی | ||
| 245 |
_aما بعد جد يد يت سے نۓ عہد کی تخليقيت تک _cنظا م صد يقی |
||
| 246 |
_aMahabad-e- Jadeediat se naye Ahed ki Takhliqiyat Tak _bbyNizam Siddiqui |
||
| 260 |
_bArshia Publictions _bStar Publications.( Vender) _c2012 |
||
| 260 | _a4/5Asaf Ali Road,New Delhi-110002 | ||
| 270 |
_aA-170,Ground Floor, 3,Surya Apartment, Dilshad Colony, _b دھلی _e110095 _k9971775969 |
||
| 300 |
_a408ص _c22Cm(Pb) |
||
| 942 |
_2ddc _cUR _mص د ی _h840.8 |
||
| 999 |
_c87804 _d87804 |
||